000 01153nam a2200313 i 4500
003 DO-SdBNP
005 20240920154233.0
007 ta
008 240920b2003 sp c|||| |||| 00| 0 spa d
020 _a8428812497
040 _aDO-SdBNP
_bspa
_cBNPHU
_erda
082 4 _222
100 1 _aGonzález, Ángel,
_eautor
_4aut.
_91027
245 1 3 _aLa Biblia didáctica /
_cÁngel González, Teodoro Larriba ; colaboradores, María Menéndez, Aurora Moral Santaolalla, Concepción Maldonado, Maxi Escalera
250 _aDuodécima edicción
264 _aMadrid :
_bEditora La casa de la Biblia;
_bEditor SM,
_c2033.
300 _a816 páginas :
_bretratos ;
_c23 cm.
336 _2rdacontent
_atexto
_btxt
337 _2rdamedia
_asin mediación
_bn
338 _2rdacarrier
_avolumen
_bnc
590 _aInventariado, 2024/BT
700 1 _919121
_aLarriba, Teodoro
700 1 _aMenéndez, María,
_ecolaborador
_4co.
_986635
700 1 _aMoral Santaolalla, Aurora,
_ecolaborador
_4co.
_986636
700 1 _aConcepción, Maldonado,
_ecolaborador
_4co.
_986637
700 1 _aEscalera, Maxi,
_ecolaborador
_4co.
_986638
910 _aBtavárez
942 _2ddc
_cLBS1
999 _c57736
_d57736